[Event "Gibtelecom AmatWk1 5th"]
[Site "Gibraltar"]
[Date "2007.01.26"]
[Round "4.23"]
[White "Barclay, Richard"]
[Black "Poggio, Freddie"]
[Result "1-0"]
[WhiteElo "1752"]
[BlackElo "1400"]
[PlyCount "117"]
[EventDate "2007.01.23"]
[EventType "swiss"]
[EventRounds "5"]
[EventCountry "GGB"]
[SourceTitle "BritBase"]
[Source "www.saund.co.uk"]
[SourceDate "2018.02.10"]
[SourceVersion "1"]
[SourceVersionDate "2018.02.10"]
[SourceQuality "1"]

1. d4 d5 2. c4 e6 3. Nc3 Nf6 4. Nf3 c5 5. cxd5 Nxd5 6. e4 Nxc3 7. bxc3 Be7 8.
Be2 O-O 9. O-O b6 10. Be3 Bb7 11. Qc2 Nd7 12. Rad1 Qc7 13. Qb1 Nf6 14. Nd2 Rad8
15. Bf3 Nd7 16. g3 Kh8 17. Bg2 f5 18. f4 Nf6 19. Bf2 Ng4 20. Nb3 Nxf2 21. Rxf2
Qd7 22. Rfd2 c4 23. Nc1 b5 24. Ne2 a6 25. Kh1 Qc7 26. Qc2 g5 27. e5 Bxg2+ 28.
Kxg2 Rd5 29. Rb1 Qc6 30. Kf2 Rg8 31. Rdd1 g4 32. Ra1 Rb8 33. Rdb1 Bd8 34. a4
Bb6 35. axb5 Rxb5 36. Rxb5 axb5 37. Ng1 Rd8 38. Kf1 h5 39. Qg2 Qxg2+ 40. Kxg2
Rb8 41. Ne2 Kg7 42. Kf1 Kf7 43. Ke1 Ke7 44. Kd2 Kd7 45. Kc2 Kc6 46. Kd2 Kb7 47.
Rb1 Ka6 48. Nc1 Kb7 49. Rxb5 Kc6 50. Rb2 Bc7 51. Rxb8 Bxb8 52. Na2 Kb5 53. Nb4
Kb6 54. d5 exd5 55. Nxd5+ Kc6 56. Ne7+ Kd7 57. Nxf5 Ba7 58. Ne3 Ke6 59. Ke2 1-0

[Event "Gibtelecom AmatWk1 5th"]
[Site "Gibraltar"]
[Date "2007.01.26"]
[Round "4.24"]
[White "Bailey, Gregory"]
[Black "O'Gorman, Brendan"]
[Result "0-1"]
[WhiteElo "1280"]
[BlackElo "1752"]
[PlyCount "80"]
[EventDate "2007.01.23"]
[EventType "swiss"]
[EventRounds "5"]
[EventCountry "GGB"]
[SourceTitle "BritBase"]
[Source "www.saund.co.uk"]
[SourceDate "2018.02.10"]
[SourceVersion "1"]
[SourceVersionDate "2018.02.10"]
[SourceQuality "1"]

1. d4 d5 2. c4 c6 3. Nf3 Nf6 4. Nc3 dxc4 5. a4 Bf5 6. Ne5 Nbd7 7. Nxc4 Qc7 8.
f3 e5 9. dxe5 Nxe5 10. Nxe5 Qxe5 11. e4 Bb4 12. Be2 Be6 13. Bd2 Nh5 14. Qc1 Nf6
15. O-O O-O 16. Kh1 Qa5 17. Rd1 Bb3 18. Re1 h6 19. Bxh6 gxh6 20. Qxh6 Nh7 21.
Bd3 Bxc3 22. e5 f5 23. Qg6+ Kh8 24. bxc3 Qc7 25. Bxf5 Rg8 26. Qxh7+ Qxh7 27.
Bxh7 Kxh7 28. Rab1 Bxa4 29. Rxb7+ Rg7 30. Rb4 Bc2 31. g3 a5 32. Rc4 a4 33. e6
Re7 34. Rxc6 a3 35. Ra1 a2 36. Rd6 Bb1 37. Rb6 Rc8 38. Rb5 Rxe6 39. Rh5+ Kg6
40. Rd5 Rxc3 0-1

[Event "Gibtelecom AmatWk1 5th"]
[Site "Gibraltar"]
[Date "2007.01.26"]
[Round "4.25"]
[White "Bucknell, Malcolm Gordon"]
[Black "Joseph, Adrian P"]
[Result "1-0"]
[WhiteElo "2064"]
[BlackElo "1672"]
[PlyCount "95"]
[EventDate "2007.01.23"]
[EventType "swiss"]
[EventRounds "5"]
[EventCountry "GGB"]
[SourceTitle "BritBase"]
[Source "www.saund.co.uk"]
[SourceDate "2018.02.10"]
[SourceVersion "1"]
[SourceVersionDate "2018.02.10"]
[SourceQuality "1"]

1. e4 Nf6 2. Nc3 d5 3. exd5 Nxd5 4. Bc4 Nb6 5. Bb3 Nc6 6. Nge2 Bg4 7. f3 Bh5 8.
d4 e6 9. Be3 Bg6 10. a3 Na5 11. O-O Be7 12. Nf4 Bg5 13. Qe2 Nxb3 14. cxb3 Bxf4
15. Bxf4 Qxd4+ 16. Be3 Qd3 17. Qxd3 Bxd3 18. Rfd1 Bc2 19. Rdc1 Bxb3 20. Nb5 Nd5
21. Nxc7+ Nxc7 22. Rxc7 b6 23. Rac1 O-O 24. Re7 Rfe8 25. Rxe8+ Rxe8 26. Rc7 Ra8
27. f4 h6 28. Kf2 Kf8 29. Bd4 Ba4 30. g4 Rd8 31. Ke3 Rd7 32. Rc8+ Ke7 33. Bxg7
Bb5 34. g5 Rd3+ 35. Ke4 hxg5 36. fxg5 Rd7 37. Bf6+ Kd6 38. h4 Ba6 39. Rc2 Bb7+
40. Kf4 Ba6 41. Rc3 Be2 42. Rc8 Kd5 43. Be5 Bd1 44. b4 Be2 45. Rc2 Bd3 46. Rc1
Be2 47. Rc3 Bh5 48. Rd3+ 1-0

[Event "Gibtelecom AmatWk1 5th"]
[Site "Gibraltar"]
[Date "2007.01.26"]
[Round "4.26"]
[White "Adams, Tim P"]
[Black "Hughes, Peter"]
[Result "1/2-1/2"]
[WhiteElo "1776"]
[BlackElo "1648"]
[PlyCount "66"]
[EventDate "2007.01.23"]
[EventType "swiss"]
[EventRounds "5"]
[EventCountry "GGB"]
[SourceTitle "BritBase"]
[Source "www.saund.co.uk"]
[SourceDate "2018.02.10"]
[SourceVersion "1"]
[SourceVersionDate "2018.02.10"]
[SourceQuality "1"]

1. e4 c5 2. Nc3 Nc6 3. g3 g6 4. Bg2 Bg7 5. d3 d6 6. Be3 e5 7. Nge2 Nge7 8. Qd2
Nd4 9. Nd1 Bg4 10. Nxd4 cxd4 11. Bh6 O-O 12. f3 Be6 13. Bxg7 Kxg7 14. O-O Nc6
15. c3 Qa5 16. Rf2 Rac8 17. c4 Qxd2 18. Rxd2 a6 19. h4 Rc7 20. Rb1 Ne7 21. b3
b5 22. a3 Rb8 23. Rdb2 Rcb7 24. Kf2 b4 25. a4 a5 26. Kg1 Rf8 27. Rf2 Nc8 28.
Nb2 Nb6 29. Kh2 Nd7 30. Nd1 Nc5 31. Bf1 h5 32. Rd2 f6 33. Nf2 Kh8 1/2-1/2

[Event "Gibtelecom AmatWk1 5th"]
[Site "Gibraltar"]
[Date "2007.01.26"]
[Round "4.27"]
[White "Lozano, Mena"]
[Black "Rashleigh, Jonathan"]
[Result "0-1"]
[WhiteElo "1352"]
[BlackElo "1560"]
[PlyCount "62"]
[EventDate "2007.01.23"]
[EventType "swiss"]
[EventRounds "5"]
[EventCountry "GGB"]
[SourceTitle "BritBase"]
[Source "www.saund.co.uk"]
[SourceDate "2018.02.10"]
[SourceVersion "1"]
[SourceVersionDate "2018.02.10"]
[SourceQuality "1"]

1. e4 e6 2. d3 d5 3. Nd2 c5 4. g3 Nc6 5. Bg2 b6 6. Ngf3 Bd6 7. O-O Nge7 8. Re1
Qc7 9. Nf1 O-O 10. c3 Bb7 11. d4 dxe4 12. Rxe4 Rad8 13. Ng5 h6 14. Nh3 Ng6 15.
Bxh6 gxh6 16. Qh5 Kg7 17. Rg4 Nce7 18. Bxb7 Qxb7 19. Re1 Qd5 20. Qxd5 exd5 21.
Nf4 Kh7 22. dxc5 bxc5 23. Nh5 f5 24. Ra4 Rd7 25. Re6 Be5 26. Raa6 d4 27. cxd4
cxd4 28. Nd2 Rc7 29. Kf1 Rfc8 30. Ke2 Rc6 31. Rxa7 Rxe6 0-1

[Event "Gibtelecom AmatWk1 5th"]
[Site "Gibraltar"]
[Date "2007.01.26"]
[Round "4.28"]
[White "Apps, Ian"]
[Black "Haddock, Paul"]
[Result "0-1"]
[WhiteElo "1400"]
[BlackElo "1424"]
[PlyCount "70"]
[EventDate "2007.01.23"]
[EventType "swiss"]
[EventRounds "5"]
[EventCountry "GGB"]
[SourceTitle "BritBase"]
[Source "www.saund.co.uk"]
[SourceDate "2018.02.10"]
[SourceVersion "1"]
[SourceVersionDate "2018.02.10"]
[SourceQuality "1"]

1. Nf3 d5 2. g3 Nc6 3. Bg2 e5 4. d3 Bg4 5. O-O Qd7 6. Re1 Be7 7. e4 d4 8. c3 h5
9. Qd2 h4 10. Nxh4 Bxh4 11. b3 Be7 12. h4 Bh3 13. f3 Bxg2 14. Qxg2 O-O-O 15.
Kf2 f5 16. Bd2 fxe4 17. Rxe4 Nf6 18. Re1 Rdf8 19. Rh1 Ng4+ 20. Ke2 Nf6 21. g4
Qe6 22. c4 Nb4 23. Bxb4 Bxb4 24. a3 Be7 25. Nd2 Nd7 26. h5 Bg5 27. Ne4 Qe7 28.
b4 c5 29. Rhb1 Qf7 30. bxc5 Nxc5 31. Nd2 Qf4 32. Rb5 g6 33. Kd1 gxh5 34. Kc2
hxg4 35. fxg4 Rh2 0-1

[Event "Gibtelecom AmatWk1 5th"]
[Site "Gibraltar"]
[Date "2007.01.27"]
[Round "5.22"]
[White "O'Gorman, Brendan"]
[Black "Millward, Kevin"]
[Result "1-0"]
[WhiteElo "1752"]
[BlackElo "1744"]
[PlyCount "145"]
[EventDate "2007.01.23"]
[EventType "swiss"]
[EventRounds "5"]
[EventCountry "GGB"]
[SourceTitle "BritBase"]
[Source "www.saund.co.uk"]
[SourceDate "2018.02.10"]
[SourceVersion "1"]
[SourceVersionDate "2018.02.10"]
[SourceQuality "1"]

1. Nf3 Nf6 2. c4 g6 3. Nc3 Bg7 4. e4 d6 5. d4 O-O 6. Be2 c6 7. O-O Bg4 8. Be3
Nbd7 9. h3 Bxf3 10. Bxf3 Ne8 11. Qd2 Nc7 12. Be2 Ne6 13. Rad1 c5 14. d5 Nd4 15.
f4 a6 16. Bd3 b5 17. cxb5 axb5 18. Nxb5 Nxb5 19. Bxb5 Rxa2 20. Rb1 Qc7 21. Bc4
Raa8 22. b4 cxb4 23. Rxb4 Rfb8 24. Rfb1 Rxb4 25. Qxb4 Ra1 26. Rxa1 Bxa1 27. Bb5
Nf8 28. Bc6 Bg7 29. Bb6 Qc8 30. e5 Qb8 31. exd6 exd6 32. Qa5 Bf6 33. Kh2 Be7
34. Bd4 Qd8 35. Qc3 f6 36. Qb2 Nd7 37. Bxd7 Qxd7 38. Bxf6 Bf8 39. Qc3 Qf5 40.
Qd4 Kf7 41. Bh4 Bh6 42. Qa7+ Kg8 43. Qa8+ Kf7 44. Qb7+ Kg8 45. Qb8+ Bf8 46. Bg5
Kf7 47. Qc7+ Kg8 48. Qd8 Kf7 49. Qc7+ Kg8 50. Qc4 h6 51. Bh4 Kf7 52. g4 Qd7 53.
Qd3 Bg7 54. Kg2 Qa4 55. f5 g5 56. Bg3 Bd4 57. Qe2 Qd7 58. Qe4 Ba1 59. Qe6+ Qxe6
60. dxe6+ Kf6 61. Kf3 Bc3 62. Ke4 Bb4 63. Kd5 Ba3 64. Bf2 Bb4 65. Bd4+ Ke7 66.
f6+ Kf8 67. Kc6 Ke8 68. f7+ Kf8 69. Kd7 d5 70. Bf6 Ba3 71. Kc6 d4 72. Bxd4 Ke7
73. Bc5+ 1-0

[Event "Gibtelecom AmatWk1 5th"]
[Site "Gibraltar"]
[Date "2007.01.27"]
[Round "5.23"]
[White "Goodfellow, Russell"]
[Black "Barclay, Richard"]
[Result "1-0"]
[WhiteElo "1704"]
[BlackElo "1752"]
[PlyCount "75"]
[EventDate "2007.01.23"]
[EventType "swiss"]
[EventRounds "5"]
[EventCountry "GGB"]
[SourceTitle "BritBase"]
[Source "www.saund.co.uk"]
[SourceDate "2018.02.10"]
[SourceVersion "1"]
[SourceVersionDate "2018.02.10"]
[SourceQuality "1"]

1. e4 c5 2. Nf3 Nc6 3. d4 cxd4 4. Nxd4 Nf6 5. Nc3 e5 6. Ndb5 d6 7. a4 a6 8. Na3
Be7 9. Bc4 Be6 10. Bd5 Bxd5 11. exd5 Nb4 12. Be3 Rc8 13. Qd2 Ng4 14. O-O f5 15.
f4 Nxe3 16. Qxe3 Rxc3 17. Qxc3 Nxd5 18. Qd3 Nxf4 19. Qxf5 g6 20. Qg4 h5 21. Qf3
Qb6+ 22. Kh1 O-O 23. Nc4 Qc5 24. b3 d5 25. Nxe5 Qd4 26. Nd3 Ne6 27. Qe2 Qe4 28.
Rxf8+ Bxf8 29. Re1 Nd4 30. Qxe4 dxe4 31. Rxe4 Nxc2 32. Re6 Kf7 33. Rb6 Nd4 34.
Ne5+ Kg7 35. Rxg6+ Kh7 36. Rb6 Nc6 37. Nxc6 bxc6 38. Rxc6 1-0

[Event "Gibtelecom AmatWk1 5th"]
[Site "Gibraltar"]
[Date "2007.01.27"]
[Round "5.24"]
[White "Rashleigh, Jonathan"]
[Black "Bailey, Gregory"]
[Result "1-0"]
[WhiteElo "1560"]
[BlackElo "1280"]
[PlyCount "65"]
[EventDate "2007.01.23"]
[EventType "swiss"]
[EventRounds "5"]
[EventCountry "GGB"]
[SourceTitle "BritBase"]
[Source "www.saund.co.uk"]
[SourceDate "2018.02.10"]
[SourceVersion "1"]
[SourceVersionDate "2018.02.10"]
[SourceQuality "1"]

1. d4 d5 2. Bg5 Nf6 3. Bxf6 gxf6 4. c4 Nc6 5. e3 Bf5 6. cxd5 Qxd5 7. Nc3 Qd7 8.
g3 O-O-O 9. a3 e5 10. d5 Ne7 11. e4 Bg4 12. f3 Bh5 13. Bh3 f5 14. g4 Kb8 15.
gxh5 Bh6 16. Nge2 Qd6 17. Bxf5 Nxf5 18. exf5 Qb6 19. Qc2 Rhg8 20. Ng3 Qc5 21.
Rd1 Bf4 22. Rf1 Rxg3 23. hxg3 Bxg3+ 24. Ke2 Qc4+ 25. Qd3 Qh4 26. Kd2 Bf4+ 27.
Kc2 Rg8 28. Kb1 Rg2 29. Rg1 Qf2 30. Rxg2 Qxg2 31. d6 Kc8 32. dxc7 Kxc7 33. Qd6+
1-0

[Event "Gibtelecom AmatWk1 5th"]
[Site "Gibraltar"]
[Date "2007.01.27"]
[Round "5.25"]
[White "Poggio, Freddie"]
[Black "Joseph, Adrian P"]
[Result "1/2-1/2"]
[WhiteElo "1400"]
[BlackElo "1672"]
[PlyCount "93"]
[EventDate "2007.01.23"]
[EventType "swiss"]
[EventRounds "5"]
[EventCountry "GGB"]
[SourceTitle "BritBase"]
[Source "www.saund.co.uk"]
[SourceDate "2018.02.10"]
[SourceVersion "1"]
[SourceVersionDate "2018.02.10"]
[SourceQuality "1"]

1. e4 d5 2. exd5 Nf6 3. Nc3 Nxd5 4. Qf3 Nb6 5. d4 Nc6 6. Be3 e6 7. O-O-O Nd5 8.
Nxd5 Qxd5 9. Qxd5 exd5 10. Nf3 Bd6 11. Bb5 Bd7 12. Rhe1 O-O 13. a3 Nb8 14. Bd3
Bg4 15. Rd2 Bxf3 16. gxf3 f5 17. f4 Nc6 18. c4 Rae8 19. Kd1 dxc4 20. Bxc4+ Kh8
21. f3 Ne7 22. Rde2 Ng6 23. Bd2 Rd8 24. d5 c6 25. Kc2 cxd5 26. Bxd5 Bxf4 27.
Bxb7 Rxd2+ 28. Rxd2 Bxd2 29. Kxd2 Rb8 30. Kc1 h6 31. Bc6 Rc8 32. Re8+ Rxe8 33.
Bxe8 Nf4 34. Kd2 g6 35. b4 Kg7 36. b5 Kf6 37. Bc6 Ke5 38. Kc3 Nd5+ 39. Kc4 Nb6+
40. Kc5 g5 41. Kb4 h5 42. a4 Nd5+ 43. Bxd5 Kxd5 44. Ka5 g4 45. fxg4 f4 46. gxh5
f3 47. h6 1/2-1/2

[Event "Gibtelecom AmatWk1 5th"]
[Site "Gibraltar"]
[Date "2007.01.27"]
[Round "5.26"]
[White "Hughes, Peter"]
[Black "Haddock, Paul"]
[Result "1-0"]
[WhiteElo "1648"]
[BlackElo "1424"]
[PlyCount "85"]
[EventDate "2007.01.23"]
[EventType "swiss"]
[EventRounds "5"]
[EventCountry "GGB"]
[SourceTitle "BritBase"]
[Source "www.saund.co.uk"]
[SourceDate "2018.02.10"]
[SourceVersion "1"]
[SourceVersionDate "2018.02.10"]
[SourceQuality "1"]

1. d4 f5 2. g3 e6 3. Bg2 Nf6 4. Nh3 d5 5. O-O Be7 6. Nf4 O-O 7. Nd2 Qe8 8. Nf3
Ne4 9. Ne5 Nc6 10. Nxc6 bxc6 11. c3 g5 12. Nd3 Qh5 13. Bf3 g4 14. Nf4 Qh6 15.
Bg2 Bg5 16. h4 gxh3 17. Nxh3 Bxc1 18. Qxc1 Qg7 19. Qf4 Ba6 20. Bf3 Rab8 21.
Rab1 Rf6 22. Kg2 Rg6 23. Rh1 Kh8 24. Bh5 Rf6 25. Bf3 Rg8 26. Ng1 Rg6 27. Bh5
Rf6 28. Bf3 Bc4 29. a3 Bb3 30. Rc1 Rb8 31. Rh5 Bc4 32. b4 a5 33. Nh3 axb4 34.
axb4 Ra8 35. Ng5 Ra2 36. Rxh7+ Qxh7 37. Nxh7 Kxh7 38. Qh4+ Rh6 39. Qe7+ Kg6 40.
Qe8+ Kg5 41. Qd8+ Rf6 42. Rh1 Bxe2 43. Rh5+ 1-0

[Event "Gibtelecom AmatWk1 5th"]
[Site "Gibraltar"]
[Date "2007.01.27"]
[Round "5.27"]
[White "Garcia Lechugo, Francisco"]
[Black "Adams, Tim P"]
[Result "0-1"]
[WhiteElo "1300"]
[BlackElo "1776"]
[PlyCount "52"]
[EventDate "2007.01.23"]
[EventType "swiss"]
[EventRounds "5"]
[EventCountry "GGB"]
[SourceTitle "BritBase"]
[Source "www.saund.co.uk"]
[SourceDate "2018.02.10"]
[SourceVersion "1"]
[SourceVersionDate "2018.02.10"]
[SourceQuality "1"]

1. Nf3 d5 2. c4 e6 3. g3 Nf6 4. Bg2 Bd6 5. O-O O-O 6. b3 c6 7. Bb2 Nbd7 8. Nc3
Re8 9. cxd5 exd5 10. Rc1 Ne5 11. Rc2 Bf5 12. d3 Nxf3+ 13. Bxf3 Qd7 14. Qa1 Bh3
15. Re1 Ng4 16. Nd1 Ne5 17. Bh1 Nxd3 18. Bxg7 Nxe1 19. Bh8 Be5 20. Bxe5 Nxc2
21. Qb2 d4 22. Bf4 Rxe2 23. f3 Rae8 24. g4 Bxg4 25. Nf2 Bh3 26. Nd3 Qf5 0-1

[Event "Gibtelecom AmatWk1 5th"]
[Site "Gibraltar"]
[Date "2007.01.27"]
[Round "5.28"]
[White "Lozano, Mena"]
[Black "Apps, Ian"]
[Result "1/2-1/2"]
[WhiteElo "1352"]
[BlackElo "1400"]
[PlyCount "48"]
[EventDate "2007.01.23"]
[EventType "swiss"]
[EventRounds "5"]
[EventCountry "GGB"]
[SourceTitle "BritBase"]
[Source "www.saund.co.uk"]
[SourceDate "2018.02.10"]
[SourceVersion "1"]
[SourceVersionDate "2018.02.10"]
[SourceQuality "1"]

1. e4 d5 2. exd5 Qxd5 3. d4 a6 4. Nf3 Bg4 5. Nc3 Qa5 6. Bc4 c6 7. Bxf7+ Kxf7 8.
Ne5+ Qxe5+ 9. dxe5 Bxd1 10. Nxd1 e6 11. O-O Nd7 12. f3 Bc5+ 13. Be3 Nh6 14.
Bxc5 Nxc5 15. Ne3 Nf5 16. Nc4 Rhf8 17. Rad1 g6 18. g4 Ne7 19. Nd6+ Kg7 20. Nxb7
Nxb7 21. Rd7 Rf7 22. Rxb7 Nd5 23. Rxf7+ Kxf7 24. c3 Ne3 {remaining moves
illegible} 1/2-1/2

[Event "Gibtelecom AmatWk2 5th"]
[Site "Gibraltar"]
[Date "2007.01.28"]
[Round "1.31"]
[White "Elmokhtar, Baye"]
[Black "Livesey, R Nigel"]
[Result "0-1"]
[WhiteElo "1552"]
[BlackElo "1768"]
[PlyCount "72"]
[EventDate "2007.01.28"]
[EventType "swiss"]
[EventRounds "5"]
[EventCountry "GGB"]
[SourceTitle "BritBase"]
[Source "www.saund.co.uk"]
[SourceDate "2018.02.10"]
[SourceVersion "1"]
[SourceVersionDate "2018.02.10"]
[SourceQuality "1"]

1. e4 c5 2. Nf3 a6 3. d4 cxd4 4. Nxd4 e5 5. Nf3 Nf6 6. Bd3 Nc6 7. O-O h6 8. a3
Be7 9. Nc3 d6 10. h3 Be6 11. Be3 O-O 12. Nh2 d5 13. exd5 Nxd5 14. Nxd5 Qxd5 15.
c4 Qd7 16. Qc2 Rac8 17. Rad1 Qc7 18. Nf3 Bf6 19. b3 Rfd8 20. Be4 Nd4 21. Bxd4
exd4 22. Rd2 Rd7 23. Rfd1 Rcd8 24. Ne1 Qf4 25. Qd3 Qd6 26. Qf3 Qxa3 27. Bxb7
Rb8 28. Nc2 Qa5 29. Bc6 Rd6 30. Ba4 Rbd8 31. Rd3 Bxc4 32. bxc4 Qxa4 33. Ne3 Qd7
34. Nf5 Re6 35. Qg4 Kh7 36. Qe4 Rxe4 0-1

[Event "Gibtelecom AmatWk2 5th"]
[Site "Gibraltar"]
[Date "2007.01.28"]
[Round "1.32"]
[White "Barclay, Richard"]
[Black "Kennedy, Philip J"]
[Result "0-1"]
[WhiteElo "1752"]
[BlackElo "1656"]
[PlyCount "88"]
[EventDate "2007.01.28"]
[EventType "swiss"]
[EventRounds "5"]
[EventCountry "GGB"]
[SourceTitle "BritBase"]
[Source "www.saund.co.uk"]
[SourceDate "2018.02.10"]
[SourceVersion "1"]
[SourceVersionDate "2018.02.10"]
[SourceQuality "1"]

1. e4 c5 2. Nf3 d6 3. Bb5+ Nd7 4. O-O a6 5. Bxd7+ Bxd7 6. c4 g6 7. d4 cxd4 8.
Nxd4 Bg7 9. Nc3 Nf6 10. Kh1 Rc8 11. Qd3 O-O 12. b3 Bc6 13. f3 Nd7 14. Be3 Ne5
15. Qd2 Bd7 16. Rab1 Nc6 17. a4 Nxd4 18. Bxd4 Bxd4 19. Qxd4 Be6 20. Rfd1 Qc7
21. Kg1 Qc5 22. Kf2 Qxd4+ 23. Rxd4 Rc5 24. Ke3 Rfc8 25. Rbd1 Kg7 26. h3 h5 27.
h4 f6 28. R1d2 Kf7 29. g3 Kg7 30. Rb2 Ra8 31. Rdd2 Kf7 32. Rbc2 Rac8 33. f4 Kg7
34. Ra2 b6 35. Ra3 Kf7 36. Rda2 R8c7 37. a5 b5 38. Nd5 Bxd5 39. cxd5 Rc3+ 40.
Kf2 b4 41. Ra4 Rxb3 42. Ke1 Rcc3 43. Rg2 Rb1+ 44. Kf2 Rc2+ 0-1

[Event "Gibtelecom AmatWk2 5th"]
[Site "Gibraltar"]
[Date "2007.01.28"]
[Round "1.33"]
[White "Sandercock, E Barry"]
[Black "Kuenitz, Klaus"]
[Result "1/2-1/2"]
[WhiteElo "1648"]
[BlackElo "1733"]
[PlyCount "96"]
[EventDate "2007.01.28"]
[EventType "swiss"]
[EventRounds "5"]
[EventCountry "GGB"]
[SourceTitle "BritBase"]
[Source "www.saund.co.uk"]
[SourceDate "2018.02.10"]
[SourceVersion "1"]
[SourceVersionDate "2018.02.10"]
[SourceQuality "1"]

1. b4 Nf6 2. Bb2 d6 3. d4 g6 4. Nf3 Bg7 5. e3 O-O 6. c4 Bg4 7. h3 Bf5 8. Bd3
Qd7 9. Nc3 Nc6 10. e4 Nxe4 11. Bxe4 Bxe4 12. Nxe4 Nxb4 13. O-O c5 14. Qd2 f5
15. Ng3 b6 16. Rfe1 Rfe8 17. a3 Na6 18. d5 Nc7 19. Bxg7 Kxg7 20. Ng5 e5 21.
dxe6 Nxe6 22. Nxe6+ Rxe6 23. Rxe6 Qxe6 24. Qc3+ Qe5 25. Qxe5+ dxe5 26. Rd1 Kf6
27. Rd7 h5 28. a4 Ke6 29. Rd5 Rc8 30. Ne2 a6 31. Rd1 Rb8 32. Nc3 e4 33. Kf1 g5
34. Ke2 h4 35. Ke3 Re8 36. Nd5 Rb8 37. Rb1 Ke5 38. Rxb6 f4+ 39. Kd2 Rg8 40.
Rxa6 Kd4 41. Nb6 e3+ 42. Ke2 g4 43. Ra7 gxh3 44. fxe3+ fxe3 45. Rd7+ Ke4 46.
Re7+ Kd4 47. Rd7+ Ke4 48. Re7+ Kd4 1/2-1/2

[Event "Gibtelecom AmatWk2 5th"]
[Site "Gibraltar"]
[Date "2007.01.28"]
[Round "1.34"]
[White "Cole, David"]
[Black "Bath, Tom"]
[Result "1-0"]
[WhiteElo "1712"]
[BlackElo "1400"]
[PlyCount "47"]
[EventDate "2007.01.28"]
[EventType "swiss"]
[EventRounds "5"]
[EventCountry "GGB"]
[SourceTitle "BritBase"]
[Source "www.saund.co.uk"]
[SourceDate "2018.02.10"]
[SourceVersion "1"]
[SourceVersionDate "2018.02.10"]
[SourceQuality "1"]

1. e4 c5 2. Nc3 d6 3. Bb5+ Bd7 4. Bxd7+ Qxd7 5. f4 g6 6. Nf3 Bg7 7. O-O Nc6 8.
Nd5 e6 9. Ne3 Nge7 10. c3 a6 11. d4 cxd4 12. cxd4 e5 13. Nc4 Qc7 14. dxe5 dxe5
15. Nd6+ Kf8 16. fxe5 Rd8 17. Ng5 Nxe5 18. Ne6+ Kg8 19. Nxc7 Nc4 20. Bf4 Nc6
21. Qd5 Nxd6 22. Bxd6 Bd4+ 23. Kh1 Ne5 24. Qxd4 1-0

[Event "Gibtelecom AmatWk2 5th"]
[Site "Gibraltar"]
[Date "2007.01.28"]
[Round "1.35"]
[White "McGladdery, David G"]
[Black "Betari, Abdelkrim"]
[Result "0-1"]
[WhiteElo "1352"]
[BlackElo "1300"]
[PlyCount "112"]
[EventDate "2007.01.28"]
[EventType "swiss"]
[EventRounds "5"]
[EventCountry "GGB"]
[SourceTitle "BritBase"]
[Source "www.saund.co.uk"]
[SourceDate "2018.02.10"]
[SourceVersion "1"]
[SourceVersionDate "2018.02.10"]
[SourceQuality "1"]

1. Nf3 d5 2. d4 c6 3. e3 Nf6 4. h3 g6 5. c4 Bg7 6. Nc3 O-O 7. Bd3 Re8 8. O-O
Nbd7 9. Bd2 e5 10. dxe5 Nxe5 11. Nxe5 Rxe5 12. Rc1 d4 13. Ne2 c5 14. exd4 cxd4
15. Ng3 Qb6 16. b3 Bd7 17. Bf4 Ree8 18. Qd2 Rac8 19. Rfe1 Bc6 20. Re2 h5 21.
Bh6 Bh8 22. Qg5 Nh7 23. Qf4 Rxe2 24. Bxe2 Re8 25. Bd3 Be5 26. Qh4 Qd8 27. Qxd8
Rxd8 28. Ne4 b6 29. Re1 Re8 30. Kh1 f5 31. Nd2 Kf7 32. h4 Bf6 33. Rxe8 Kxe8 34.
Bf4 Bxh4 35. f3 Be1 36. Nb1 Kd7 37. Bb8 a5 38. Ba7 Kc7 39. c5 bxc5 40. Bxc5 Bf2
41. Nd2 Bd5 42. Nc4 Kc6 43. Be7 Bxc4 44. Bxc4 Be3 45. a4 Bd2 46. Bb5+ Kd5 47.
Bc4+ Ke5 48. Bf7 Ng5 49. Bxg6 d3 50. Bxh5 Ne6 51. Ba3 Be3 52. Bb2+ Nd4 53. f4+
Kxf4 54. Bxd4 Bxd4 55. Kh2 Bf2 56. Bg6 Kg5 0-1

[Event "Gibtelecom AmatWk2 5th"]
[Site "Gibraltar"]
[Date "2007.01.28"]
[Round "1.36"]
[White "Goodfellow, Russell"]
[Black "Garcia Lechugo, Francisco"]
[Result "1-0"]
[WhiteElo "1704"]
[BlackElo "1300"]
[PlyCount "65"]
[EventDate "2007.01.28"]
[EventType "swiss"]
[EventRounds "5"]
[EventCountry "GGB"]
[SourceTitle "BritBase"]
[Source "www.saund.co.uk"]
[SourceDate "2018.02.10"]
[SourceVersion "1"]
[SourceVersionDate "2018.02.10"]
[SourceQuality "1"]

1. e4 e5 2. Nf3 f5 3. Nxe5 Qf6 4. d4 d6 5. Nc4 fxe4 6. Nc3 Qg6 7. Ne3 Nf6 8. d5
Be7 9. Be2 O-O 10. O-O Nbd7 11. Nc4 Nc5 12. b4 Bh3 13. Ne3 Ncd7 14. Kh1 Bxg2+
15. Nxg2 Ne5 16. Bf4 Nfg4 17. Bxg4 Nxg4 18. Qd2 Rf7 19. Rae1 Qh5 20. Rxe4 Bg5
21. h4 Rxf4 22. Rxf4 Bxh4 23. Nxh4 Qxh4+ 24. Kg2 Qh2+ 25. Kf3 Ne5+ 26. Ke2 Nc4
27. Rxc4 Re8+ 28. Re4 Qh5+ 29. f3 Qh2+ 30. Rf2 Rxe4+ 31. fxe4 Qh5+ 32. Kd3 a6
33. Qf4 1-0

[Event "Gibtelecom AmatWk2 5th"]
[Site "Gibraltar"]
[Date "2007.01.28"]
[Round "1.37"]
[White "Canepa, Mark"]
[Black "Jenner, Tim"]
[Result "0-1"]
[WhiteElo "1400"]
[BlackElo "1232"]
[PlyCount "38"]
[EventDate "2007.01.28"]
[EventType "swiss"]
[EventRounds "5"]
[EventCountry "GGB"]
[SourceTitle "BritBase"]
[Source "www.saund.co.uk"]
[SourceDate "2018.02.10"]
[SourceVersion "1"]
[SourceVersionDate "2018.02.10"]
[SourceQuality "1"]

1. e4 c6 2. d4 d5 3. e5 Bf5 4. Bg5 f6 5. Qf3 e6 6. exf6 Nxf6 7. Bd3 Bxd3 8.
Qxd3 Nbd7 9. Nf3 Be7 10. Nbd2 O-O 11. O-O-O c5 12. Rde1 Qb6 13. Re2 c4 14. Qc3
Bb4 15. Rxe6 Bxc3 16. Rxb6 Bxd2+ 17. Kxd2 axb6 18. a3 Ne4+ 19. Ke3 Rae8 0-1

[Event "Gibtelecom AmatWk2 5th"]
[Site "Gibraltar"]
[Date "2007.01.28"]
[Round "1.39"]
[White "Poggio, Freddie"]
[Black "Izzard, Brian J"]
[Result "1-0"]
[WhiteElo "1400"]
[BlackElo "1680"]
[PlyCount "63"]
[EventDate "2007.01.28"]
[EventType "swiss"]
[EventRounds "5"]
[EventCountry "GGB"]
[SourceTitle "BritBase"]
[Source "www.saund.co.uk"]
[SourceDate "2018.02.10"]
[SourceVersion "1"]
[SourceVersionDate "2018.02.10"]
[SourceQuality "1"]

1. e4 c5 2. Nf3 d6 3. d4 cxd4 4. Nxd4 Nf6 5. Nc3 a6 6. Bc4 e6 7. Bg5 Be7 8. f4
Qc7 9. Bb3 Nc6 10. Qd3 b5 11. Bxf6 Bxf6 12. Ndxb5 axb5 13. Nxb5 Qa5+ 14. c3 O-O
15. Bc2 g6 16. O-O Ba6 17. a4 Rfd8 18. f5 Ne5 19. Qh3 exf5 20. exf5 Kg7 21.
fxg6 hxg6 22. c4 Qb6+ 23. Kh1 Bb7 24. b3 Rh8 25. Qg3 Rh6 26. a5 Qc5 27. b4 Qxb4
28. Nd4 Bc8 29. Rf4 Rxa5 30. Raf1 Bd8 31. Qf2 Qb7 32. Nc6 {remining moves
illegible} 1-0